[Event "TCh-CHN"]
[Site "Beijing CHN"]
[Date "2010.11.02"]
[Round "16"]
[White "Zhao, Jun"]
[Black "Gao, Rui"]
[Result "1/2-1/2"]
[WhiteTitle "GM"]
[BlackTitle "IM"]
[WhiteElo "2575"]
[BlackElo "2464"]
[WhiteTeam "SHANGDONG Linglong"]
[BlackTeam "China Mobile CHONGQING"]
[WhiteFideId "8602522"]
[BlackFideId "8602387"]
[EventDate "2010.04.16"]

1. e4 c5 2. Nf3 d6 3. d4 cxd4 4. Qxd4 Nc6 5. Bb5 Bd7 6. Bxc6 Bxc6 7. Nc3 Nf6 8.
Bg5 e6 9. O-O-O Be7 10. Qd3 O-O 11. Nd4 Qa5 12. f4 Rfc8 13. Kb1 Be8 14. f5 Bd7
15. Rhe1 h6 16. Bh4 Qd8 17. g4 Nxg4 18. Bxe7 Qxe7 19. Rg1 Ne5 20. Qg3 Qg5 21.
Qh3 Qf6 22. Rdf1 Nc4 23. Qd3 Qh4 24. Rg3 Ne5 25. Qe3 Kh7 26. Rh3 Qf6 27. Qg1 Nc4
28. Ka1 Nd2 29. Rd1 Nc4 30. e5 Qxe5 31. Re1 Qa5 32. f6 g5 33. Rh5 Rg8 34. Ne4
Rg6 35. h4 Qb6 36. Nxg5+ Kg8 37. b3 Na3 38. Kb2 Nb5 39. Ngxe6 Nxd4 40. Rxh6 Nxe6
41. Rxg6+ fxg6 42. Qxg6+ Kf8 43. Rxe6 Qd4+ 44. Kb1 Qd1+ 45. Kb2 Qd4+ 46. Kc1
Qa1+ 47. Kd2 Qd4+ 48. Kc1 Qa1+ 49. Kd2 Qd4+ 50. Kc1 1/2-1/2

[Event "TCh-CHN"]
[Site "Beijing CHN"]
[Date "2010.11.02"]
[Round "16"]
[White "Wen, Yang"]
[Black "Wang, Chen"]
[Result "1/2-1/2"]
[WhiteTitle "GM"]
[WhiteElo "2520"]
[BlackElo "2390"]
[WhiteTeam "SHANGDONG Linglong"]
[BlackTeam "China Mobile CHONGQING"]
[WhiteFideId "8602956"]
[BlackFideId "8601020"]
[EventDate "2010.04.16"]

1. d4 d5 2. c4 e6 3. Nf3 Nf6 4. g3 g6 5. Bg2 Bg7 6. O-O O-O 7. Nc3 Nc6 8. Bg5 h6
9. Bxf6 Bxf6 10. e3 Ne7 11. b4 a5 12. b5 c5 13. Rc1 cxd4 14. Nxd4 dxc4 15. Qa4
Nd5 16. Qxc4 Nb6 17. Qe2 Qe7 18. Qc2 e5 19. Nde2 Be6 20. Ne4 Rac8 21. Nxf6+ Qxf6
22. Nc3 Qe7 23. Qe4 Bc4 24. Rfd1 Rc7 25. f4 Rfc8 26. fxe5 Be6 27. Qd4 Rc5 28.
Ne2 Rxc1 29. Nxc1 Nc4 30. Ne2 Bf5 31. g4 Bc2 32. Rc1 Nxe5 33. Nf4 Rc4 34. Nd5
Qg5 35. h4 Rxd4 36. hxg5 Rd2 37. gxh6 Nxg4 38. Ne7+ Kh7 39. Bxb7 Nxe3 40. Bh1
Bd3 41. a4 Rb2 42. Nc6 Bc2 43. Ra1 Nc4 44. Bd5 Nb6 45. Bxf7 Bxa4 46. Nxa5 Rxb5
47. Nc4 Rg5+ 48. Kf2 Rf5+ 49. Kg3 Rxf7 50. Nxb6 Bc6 51. Nc4 1/2-1/2

[Event "TCh-CHN"]
[Site "Beijing CHN"]
[Date "2010.11.02"]
[Round "16"]
[White "Zhang, Jilin"]
[Black "Tan, Zhongyi"]
[Result "1/2-1/2"]
[WhiteTitle "WGM"]
[BlackTitle "WGM"]
[WhiteElo "2281"]
[BlackElo "2464"]
[WhiteTeam "SHANGDONG Linglong"]
[BlackTeam "China Mobile CHONGQING"]
[WhiteFideId "8602867"]
[BlackFideId "8603642"]
[EventDate "2010.04.16"]

1. e4 e5 2. Nf3 Nf6 3. Nxe5 d6 4. Nf3 Nxe4 5. d4 d5 6. Bd3 Nc6 7. O-O Be7 8. c4
Nb4 9. Be2 O-O 10. Nc3 Bf5 11. a3 Nxc3 12. bxc3 Nc6 13. cxd5 Qxd5 14. Bf4 Rac8
15. Re1 Rfe8 16. c4 Qe4 17. Be3 Bf6 18. Ra2 Rcd8 19. Rd2 h6 20. h3 Qe7 21. c5
Be4 22. d5 Bxf3 23. gxf3 Bc3 24. dxc6 Bxd2 25. Bxd2 bxc6 26. Qc2 Qxe2 27. Rxe2
Rxe2 28. Qa4 Rdxd2 29. Qxc6 Rxf2 30. Qe8+ Kh7 31. Qxf7 Rg2+ 32. Kf1 c6 33. Qf4
Rgf2+ 34. Kg1 Rg2+ 35. Kf1 a5 36. h4 Rgf2+ 37. Kg1 Rg2+ 38. Kf1 Rgf2+ 39. Kg1
Rfe2 40. Kf1 Rh2 41. Qe4+ Kh8 1/2-1/2

[Event "TCh-CHN"]
[Site "Beijing CHN"]
[Date "2010.11.02"]
[Round "16"]
[White "Zhang, Pengxiang"]
[Black "Xiu, Deshun"]
[Result "1/2-1/2"]
[WhiteTitle "GM"]
[WhiteElo "2605"]
[BlackElo "2493"]
[WhiteTeam "HEBEI"]
[BlackTeam "BEIJING Aigo"]
[WhiteFideId "8600970"]
[BlackFideId "8603693"]
[EventDate "2010.04.16"]

1. e4 c5 2. Nf3 d6 3. d4 cxd4 4. Nxd4 Nf6 5. Nc3 Nc6 6. Be2 g6 7. O-O Bg7 8. Nb3
O-O 9. Bg5 a5 10. a3 a4 11. Nc1 Nd7 12. Nd3 Nb6 13. Nd5 Nxd5 14. exd5 Nd4 15.
Re1 h6 16. Bd2 Bf5 17. Bf1 e5 18. dxe6 fxe6 19. Be3 Rc8 20. Rc1 Qh4 21. Qd2 Rf7
22. f4 Rfc7 23. Nb4 Nxc2 24. Bb6 Rc6 25. Nxc6 Rxc6 26. Bf2 Qd8 27. Red1 Bxb2 28.
Rb1 Bc3 29. Qc1 Bd4 30. Qd2 Bc3 31. Qc1 Bd4 32. Rxb7 Qc8 33. Rxd4 Qxb7 34. Rxa4
Rc8 35. Qd2 Qd5 36. Qe2 Ra8 37. Rxa8+ Qxa8 38. g4 Be4 39. Qc4 d5 40. Qc7 Qxa3
41. Qd7 Qf3 42. Qxe6+ Kh7 43. Qe7+ Kg8 44. Qe6+ Kh7 1/2-1/2

[Event "TCh-CHN"]
[Site "Beijing CHN"]
[Date "2010.11.02"]
[Round "16"]
[White "Yu, Yangyi"]
[Black "Wan, Yunguo"]
[Result "1-0"]
[WhiteTitle "GM"]
[WhiteElo "2574"]
[BlackElo "2424"]
[WhiteTeam "BEIJING Aigo"]
[BlackTeam "HEBEI"]
[WhiteFideId "8603820"]
[BlackFideId "8603189"]
[EventDate "2010.04.16"]

1. e4 e6 2. d4 d5 3. Nc3 Nf6 4. Bg5 dxe4 5. Nxe4 Nbd7 6. Nf3 h6 7. Nxf6+ Nxf6 8.
Be3 Nd5 9. Bd2 c5 10. Bb5+ Bd7 11. Bxd7+ Qxd7 12. c4 Nb6 13. Rc1 Be7 14. dxc5
Bxc5 15. b4 Be7 16. c5 Nd5 17. Ne5 Qc7 18. Qa4+ Kf8 19. Nd3 g6 20. O-O Kg7 21.
b5 Bf6 22. g3 Rhc8 23. Qb3 a6 24. a4 axb5 25. axb5 Qb8 26. b6 Rc6 27. Rc4 Qd8
28. Rfc1 Ra6 29. Nb4 Nxb4 30. Bxb4 Ra1 31. Ba3 Qd5 32. Rxa1 Bxa1 33. Bb2+ Bxb2
34. Qxb2+ e5 35. Qc2 Rc8 36. c6 bxc6 37. Rc5 Qd6 38. h4 h5 39. b7 Rb8 40. Rxc6
Qd5 41. Rxg6+ fxg6 42. Qc7+ 1-0

[Event "TCh-CHN"]
[Site "Beijing CHN"]
[Date "2010.11.02"]
[Round "16"]
[White "Wang, Hao"]
[Black "Li, Chao b"]
[Result "1-0"]
[WhiteTitle "GM"]
[BlackTitle "GM"]
[WhiteElo "2715"]
[BlackElo "2613"]
[WhiteTeam "HEBEI"]
[BlackTeam "BEIJING Aigo"]
[WhiteFideId "8602883"]
[BlackFideId "8604436"]
[EventDate "2010.04.16"]

1. Nf3 Nf6 2. c4 g6 3. Nc3 d5 4. cxd5 Nxd5 5. Qb3 Nb6 6. d4 Bg7 7. Bf4 O-O 8. e3
Be6 9. Qa3 N8d7 10. Rd1 c6 11. Ng5 Bc4 12. Bxc4 Nxc4 13. Qb3 e5 14. dxe5 Ncxe5
15. O-O Qb6 16. Qc2 Nc5 17. Nce4 Nxe4 18. Nxe4 h6 19. Rd6 Rfd8 20. Nf6+ Kh8 21.
Rxd8+ Qxd8 22. Bxe5 Bxf6 23. Rd1 Qe7 24. Bxf6+ Qxf6 25. Rd7 Qe6 26. Rxb7 Qxa2
27. h3 Qd5 28. Rc7 Rd8 29. Qc3+ Kg8 30. Rxc6 a5 31. Rc4 Qd1+ 32. Kh2 Qd2 33. Rc8
Kh7 34. Rxd8 Qxd8 35. f4 a4 36. Kg3 Qd5 37. Qb4 Qd3 38. Qxa4 Qxe3+ 39. Kh2 h5
40. Qc4 Kg8 41. Qc8+ Kh7 42. Qc7 Qb3 43. Qc3 Qd5 44. b4 Qe4 45. Qd2 Qc4 46. h4
Kg8 47. Qd8+ Kh7 48. Qd2 Kg8 49. Qd8+ Kh7 50. Qd6 Qb3 51. Qc5 Qa4 52. Qc4 Kg8
53. Qc8+ Kg7 54. Qb8 Qd7 55. b5 f6 56. Qb6 Qe8 57. Qc7+ Kh6 58. Qc6 Qe7 59. Qc8
Kg7 60. b6 Qe1 61. b7 f5 62. Qd8 1-0

[Event "TCh-CHN"]
[Site "Beijing CHN"]
[Date "2010.11.02"]
[Round "16"]
[White "Wang, Doudou"]
[Black "Zhao, Xue"]
[Result "0-1"]
[BlackTitle "GM"]
[WhiteElo "2225"]
[BlackElo "2490"]
[WhiteTeam "HEBEI"]
[BlackTeam "BEIJING Aigo"]
[WhiteFideId "8603197"]
[BlackFideId "8601283"]
[EventDate "2010.04.16"]

1. d4 e6 2. c4 d5 3. cxd5 exd5 4. Nc3 Be7 5. Bf4 c6 6. e3 Bf5 7. Bd3 Bxd3 8.
Qxd3 Nf6 9. h3 O-O 10. Nge2 Nbd7 11. O-O Re8 12. Rad1 Nf8 13. f3 Ng6 14. Bh2 c5
15. Kh1 Qa5 16. dxc5 Qxc5 17. Nxd5 Nxd5 18. Qxd5 Qxe3 19. Nc3 Bf6 20. Ne4 Qb6
21. Nd6 Re7 22. Rfe1 Rd7 23. Qf5 Rad8 24. Re8+ Nf8 25. Rxd8 Qxd8 26. Rd2 Qe7 27.
Bg3 g6 28. Qc2 a6 29. Ne4 Bg7 30. Rxd7 Qxd7 31. b3 h6 32. Nd6 Ne6 33. Qe4 Nd8
34. Qc2 Nc6 35. Qe4 Kh7 36. Qd5 f5 37. a3 b5 38. a4 bxa4 39. bxa4 Nd4 40. a5 Ne2
41. Be5 Qa7 42. Bh2 Qf2 43. Qd1 Bc3 44. Ne8 h5 45. Bc7 Ng3+ 46. Kh2 Nf1+ 47. Kh1
Bd4 48. Bh2 Nxh2 49. Kxh2 h4 50. Kh1 Be5 51. Qc1 Qg3 52. f4 Bxf4 53. Nf6+ Kg7
54. Ne8+ Kf8 55. Qc5+ Kxe8 56. Qc8+ Ke7 57. Qb7+ Bc7 0-1

[Event "TCh-CHN"]
[Site "Beijing CHN"]
[Date "2010.11.03"]
[Round "17"]
[White "Zhou, Weiqi"]
[Black "Wang, Li"]
[Result "1-0"]
[WhiteTitle "GM"]
[WhiteElo "2584"]
[BlackElo "2383"]
[WhiteTeam "Lanpo JIANGSU"]
[BlackTeam "HEBEI"]
[WhiteFideId "8601674"]
[BlackFideId "8604460"]
[EventDate "2010.04.16"]

1. d4 e6 2. c4 Bb4+ 3. Nc3 c5 4. e3 Nf6 5. Nf3 b6 6. Bd3 Bb7 7. O-O cxd4 8. exd4
O-O 9. Bg5 Be7 10. Re1 d6 11. b4 Nbd7 12. Rb1 Rc8 13. a4 a6 14. Bd2 Rc7 15. Qe2
Re8 16. Ng5 Bf8 17. f3 Qa8 18. Nge4 Rcc8 19. Kh1 Be7 20. Ng3 g6 21. Rbc1 Bf8 22.
Nce4 Qb8 23. Nxf6+ Nxf6 24. Bg5 Nd7 25. Qd2 Bg7 26. Bh6 Qc7 27. Be4 Nf6 28. Bxb7
Qxb7 29. Bxg7 Kxg7 30. d5 Rcd8 31. dxe6 fxe6 32. h4 h6 33. Qc3 Qf7 34. Rcd1 h5
35. Ne4 Qe7 36. Ng5 e5 37. c5 bxc5 38. bxc5 Nh7 39. cxd6 Rxd6 40. Rxd6 Qxd6 41.
f4 Nxg5 42. hxg5 Kh7 43. fxe5 Qe6 44. Qg3 Re7 45. a5 Re8 46. Qf4 Re7 47. Qf6 Re8
48. Rb1 Qxf6 49. exf6 h4 50. Rb7+ Kh8 51. Ra7 h3 52. gxh3 Rd8 53. h4 Rc8 54. Kg2
Rb8 55. Rxa6 Rb7 56. Rb6 1-0

[Event "TCh-CHN"]
[Site "Beijing CHN"]
[Date "2010.11.03"]
[Round "17"]
[White "Shen, Yang"]
[Black "Guo, Jun"]
[Result "1-0"]
[WhiteTitle "WGM"]
[BlackTitle "WFM"]
[WhiteElo "2444"]
[BlackElo "2251"]
[WhiteTeam "Lanpo JIANGSU"]
[BlackTeam "HEBEI"]
[WhiteFideId "8603162"]
[BlackFideId "8600740"]
[EventDate "2010.04.16"]

1. d4 d5 2. Nf3 Nf6 3. c4 e6 4. Nc3 c6 5. Bg5 Nbd7 6. e3 Qa5 7. Nd2 Bb4 8. Qc2
O-O 9. Be2 e5 10. dxe5 Ne4 11. Ncxe4 dxe4 12. O-O-O Qxa2 13. Nxe4 Nxe5 14. Nd6
Be6 15. Be7 Nxc4 16. Bxc4 Bxc4 17. Qxc4 Qxc4+ 18. Nxc4 Bxe7 19. Rd7 Bf6 20. Rxb7
Rab8 21. Rxb8 Rxb8 22. Kc2 Kf8 23. Ra1 Rb4 24. Kd3 Rb3+ 25. Ke2 Rb4 26. Rc1 Bxb2
27. Rc2 Bf6 28. Na5 Rb2 29. Rxb2 Bxb2 30. Nxc6 a6 31. Kd3 f6 32. Kc4 Kf7 33. Kb3
Bc1 34. Nb4 a5 35. Nd3 a4+ 36. Kxa4 Bd2 37. Kb5 Ke6 38. Kc6 g6 39. h3 h5 40.
Nf4+ Kf7 41. Kd7 Be1 42. Nd3 Bd2 43. e4 g5 44. g3 Bc3 45. Kd6 Bd2 46. e5 fxe5
47. Kxe5 Kg6 48. Ke6 g4 49. Ne5+ Kg5 50. f4+ Kh6 51. hxg4 hxg4 52. Nxg4+ Kg6 53.
Ne5+ Kh5 54. Kf5 Kh6 55. g4 Kg7 56. g5 Bc3 57. Nc6 Bb2 58. Ne7 Kf7 59. Nd5 Kg7
60. Kg4 Bd4 61. f5 Bb2 62. f6+ Kg6 63. Ne7+ Kf7 64. Kf5 1-0

[Event "TCh-CHN"]
[Site "Beijing CHN"]
[Date "2010.11.03"]
[Round "17"]
[White "Li, Chao b"]
[Black "Zhao, Jun"]
[Result "1-0"]
[WhiteTitle "GM"]
[BlackTitle "GM"]
[WhiteElo "2613"]
[BlackElo "2575"]
[WhiteTeam "BEIJING Aigo"]
[BlackTeam "SHANGDONG Linglong"]
[WhiteFideId "8604436"]
[BlackFideId "8602522"]
[EventDate "2010.04.16"]

1. d4 Nf6 2. c4 g6 3. Nc3 Bg7 4. e4 d6 5. h3 O-O 6. Bg5 Nbd7 7. Bd3 e5 8. d5 Nc5
9. Bc2 a5 10. Nge2 Bd7 11. Qd2 Qb8 12. a4 Kh8 13. g4 Ng8 14. Ng3 Ra6 15. Be3 Rb6
16. Nb5 c6 17. dxc6 bxc6 18. Nxd6 Nb3 19. Bxb3 Rxb3 20. Rd1 Be6 21. Qxa5 Rxb2
22. O-O Ne7 23. Bc5 Bf6 24. g5 Bg7 25. Ndf5 gxf5 26. Bxe7 Re8 27. Nxf5 Bxf5 28.
exf5 e4 29. Rd8 Rxd8 30. Qxd8+ Qxd8 31. Bxd8 Bd4 32. Rd1 c5 33. Bf6+ Bxf6 34.
gxf6 h5 35. Ra1 h4 36. a5 Kh7 37. a6 Rb8 38. a7 Ra8 39. f4 1-0

[Event "TCh-CHN"]
[Site "Beijing CHN"]
[Date "2010.11.03"]
[Round "17"]
[White "Bu, Xiangzhi"]
[Black "Xiu, Deshun"]
[Result "1-0"]
[WhiteTitle "GM"]
[WhiteElo "2682"]
[BlackElo "2493"]
[WhiteTeam "SHANGDONG Linglong"]
[BlackTeam "BEIJING Aigo"]
[WhiteFideId "8601445"]
[BlackFideId "8603693"]
[EventDate "2010.04.16"]

1. Nf3 c5 2. c4 Nc6 3. d4 cxd4 4. Nxd4 Nf6 5. g3 Qb6 6. Nc2 h5 7. h3 Ne4 8. e3
Qa5+ 9. Nd2 Qf5 10. Rh2 Nxd2 11. Bxd2 Rh6 12. Bc3 Rd6 13. Qe2 e5 14. Bg2 e4 15.
Nd4 Nxd4 16. exd4 e3 17. Bf3 Re6 18. Kf1 exf2 19. Qxf2 h4 20. g4 Qd3+ 21. Be2
Qg3 22. Bf3 Bd6 23. Qxg3 Bxg3 24. Rc2 d6 25. Kg2 f6 26. b4 Re7 27. c5 Rb8 28. a4
Rc7 29. Be1 Bxe1 30. Rxe1+ Re7 31. Rce2 Kd7 32. cxd6 g5 33. Rxe7+ Kxd6 34. Re8
Kc7 35. d5 b5 36. a5 Kd7 37. Rf8 Rb7 38. d6 Rb8 39. Rxf6 Ba6 40. Rf7+ 1-0

[Event "TCh-CHN"]
[Site "Beijing CHN"]
[Date "2010.11.03"]
[Round "17"]
[White "Wang, Xiaohui"]
[Black "Huang, Qian"]
[Result "1/2-1/2"]
[BlackTitle "WGM"]
[WhiteElo "2238"]
[BlackElo "2439"]
[WhiteTeam "ZHEJIANG"]
[BlackTeam "China Mobile CHONGQING"]
[WhiteFideId "8603073"]
[BlackFideId "8602689"]
[EventDate "2010.04.16"]

1. d4 Nf6 2. c4 g6 3. Nf3 Bg7 4. g3 d5 5. cxd5 Nxd5 6. Bg2 Nb6 7. O-O Nc6 8. e3
O-O 9. Nc3 Re8 10. Re1 a5 11. Qc2 Bf5 12. e4 Bg4 13. Nb5 Bxf3 14. Bxf3 Nxd4 15.
Nxd4 Qxd4 16. Qxc7 Qb4 17. Bf4 Bxb2 18. Rab1 e5 19. Qc2 Nc4 20. Bh6 b5 21. Be2
Rab8 22. a4 Qc3 23. Qxc3 Bxc3 24. Rec1 Na3 25. Bxb5 Red8 26. Rb3 Nxb5 27. Rxb5
Rxb5 28. axb5 Bd4 29. Rc6 f5 30. exf5 gxf5 31. Ra6 Kf7 32. Rxa5 Rc8 33. b6 Bxb6
34. Rxe5 Rc5 35. Re2 Rd5 36. Kg2 Bd8 37. h4 Bf6 38. Bf4 Rb5 39. Rd2 Rb7 40. h5
Ke7 41. Rd5 Ke6 42. Ra5 Rd7 43. Ra6+ Ke7 44. Kf3 Kf7 45. Bd6 Bg5 46. Bf4 Bf6 47.
Be3 Be5 48. Rh6 Bg7 49. Rc6 Be5 50. Rb6 Re7 51. Bc1 Rd7 52. Bb2 Bxb2 53. Rxb2
Kf6 54. Rb8 Rd4 55. Rb7 h6 56. Rb6+ Kg5 57. Rg6+ Kxh5 58. Rg8 Ra4 59. Kg2 Rg4
60. Rf8 f4 1/2-1/2

[Event "TCh-CHN"]
[Site "Beijing CHN"]
[Date "2010.11.03"]
[Round "17"]
[White "Tan, Zhongyi"]
[Black "Ding, Yixin"]
[Result "1/2-1/2"]
[WhiteTitle "WGM"]
[BlackTitle "WFM"]
[WhiteElo "2464"]
[BlackElo "2315"]
[WhiteTeam "China Mobile CHONGQING"]
[BlackTeam "ZHEJIANG"]
[WhiteFideId "8603642"]
[BlackFideId "8602972"]
[EventDate "2010.04.16"]

1. c4 Nf6 2. Nf3 e6 3. Nc3 d5 4. d4 Bb4 5. Bg5 Nbd7 6. e3 c5 7. cxd5 exd5 8. Bd3
Qa5 9. Qc2 c4 10. Bf5 O-O 11. h4 Re8 12. Kf1 Bxc3 13. bxc3 Ne4 14. Bxe4 dxe4 15.
Nd2 Nb6 16. Kg1 Bd7 17. Bf4 Rac8 18. Rc1 Bc6 19. h5 Qa4 20. Rh4 Qxc2 21. Rxc2
Re6 22. Rc1 Rce8 23. g4 Bd5 24. g5 Na4 25. h6 gxh6 26. gxh6 Rg6+ 27. Kf1 f5 28.
Rh5 Rf8 29. Ke2 Nb2 30. Rb1 Na4 31. Rc1 Nb2 32. Rb1 Na4 33. Rc1 Nb2 1/2-1/2

[Event "TCh-CHN"]
[Site "Beijing CHN"]
[Date "2010.11.03"]
[Round "17"]
[White "Kuang, Yinghui"]
[Black "Li, Xueyi"]
[Result "1/2-1/2"]
[WhiteTitle "WIM"]
[WhiteElo "2202"]
[BlackElo "1957"]
[WhiteTeam "GUANGDONG Huateng"]
[BlackTeam "BEIJING Rendafuzhong"]
[WhiteFideId "8600988"]
[BlackFideId "8605912"]
[EventDate "2010.04.16"]

1. e4 c6 2. b3 d5 3. exd5 cxd5 4. Bb2 Nc6 5. Nf3 Nf6 6. Be2 Bf5 7. O-O e6 8. a3
Bd6 9. b4 a6 10. d3 h6 11. Nbd2 O-O 12. c4 Re8 13. Qb3 d4 14. Rfe1 e5 15. Nf1
Be6 16. Qc2 Rc8 17. N3d2 b5 18. Bf3 a5 19. Bxc6 Rxc6 20. c5 axb4 21. axb4 Bc7
22. Ne4 Nd5 23. Qd2 f5 24. Nfg3 Nf4 25. f3 Rf8 26. Bc1 Bd5 27. Qd1 Ng6 28. Re2
Nh4 29. Rf2 Rg6 30. Ra3 Qd7 31. Bd2 Qc6 32. Be1 Nxg2 33. Kxg2 f4 34. Nd2 fxg3
35. hxg3 Rxg3+ 36. Kxg3 Qg6+ 37. Kh2 e4+ 38. Kh1 e3 39. Rg2 Qh5+ 40. Kg1 exd2
41. Qxd2 Bxf3 42. Ra7 Bxg2 43. Qxg2 Qd1 44. Qd2 Qg4+ 45. Qg2 Qf4 46. Bd2 Qe5 47.
Ra6 Rf6 48. Rxf6 Qxf6 49. Qe4 Bg3 50. Qg2 Qe5 51. Qf3 h5 52. Kg2 h4 53. Qg4 Qf6
54. Qf3 Qg6 55. Kh3 Qe6+ 56. Kg2 Bc7 57. Bf4 h3+ 58. Kh2 Bxf4+ 59. Qxf4 Qe2+ 60.
Kxh3 Qxd3+ 61. Kh4 Qc4 62. Qe4 Kf8 63. Qf4+ Ke7 64. Qe5+ Kf7 65. Qf5+ Ke7 66.
Qe5+ Kf8 67. Qf4+ Kg8 68. Qe4 Kf8 69. Qf4+ 1/2-1/2

[Event "TCh-CHN"]
[Site "Beijing CHN"]
[Date "2010.11.03"]
[Round "17"]
[White "Lou, Yiping"]
[Black "Ma, Qun"]
[Result "1/2-1/2"]
[WhiteElo "2429"]
[BlackElo "2369"]
[WhiteTeam "SHANGHAI Jianqiao"]
[BlackTeam "TIANJIN Nan Kai"]
[WhiteFideId "8603928"]
[BlackFideId "8603154"]
[EventDate "2010.04.16"]

1. Nf3 Nf6 2. c4 c6 3. Nc3 d5 4. e3 a6 5. d4 b5 6. b3 Bg4 7. Be2 e6 8. O-O Nbd7
9. h3 Bh5 10. Bb2 Be7 11. Ne5 Bxe2 12. Nxe2 Nxe5 13. dxe5 Nd7 14. cxd5 cxd5 15.
Nf4 O-O 16. Bd4 Bg5 17. Nd3 Rc8 18. a4 Be7 19. Qd2 Bc5 20. axb5 axb5 21. Rfc1
Bxd4 22. exd4 Qh4 23. Nc5 Nxc5 24. Rxc5 Rb8 25. b4 Rb7 26. Qd3 g6 27. Rac1 Rfb8
28. Qf3 Kg7 29. g4 Qg5 30. Kg2 h5 31. Qg3 h4 32. Qf3 Rf8 33. Rc8 Rxc8 34. Rxc8
Qe7 35. Qf4 g5 36. Qc1 f6 37. Qe3 Ra7 38. Rb8 Qf7 39. Rxb5 Kh6 40. Rb6 f5 41.
gxf5 Qxf5 42. Qf3 Kg6 43. b5 Ra2 44. Rb8 Qxf3+ 45. Kxf3 Ra3+ 46. Kg2 Kf5 47.
Rf8+ Ke4 48. Rf6 Kxd4 49. Rxe6 Rb3 50. b6 Ke4 51. Rg6 1/2-1/2

[Event "TCh-CHN"]
[Site "Beijing CHN"]
[Date "2010.11.03"]
[Round "17"]
[White "Cai, Jiaying"]
[Black "Zhang, Xiaowen"]
[Result "0-1"]
[BlackTitle "WGM"]
[WhiteElo "2068"]
[BlackElo "2437"]
[WhiteTeam "TIANJIN Nan Kai"]
[BlackTeam "SHANGHAI Jianqiao"]
[WhiteFideId "8604312"]
[BlackFideId "8603219"]
[EventDate "2010.04.16"]

1. e4 e6 2. d4 d5 3. exd5 exd5 4. Nf3 Bd6 5. c4 Nf6 6. Nc3 O-O 7. c5 Be7 8. Be3
b6 9. b4 Ng4 10. Bf4 a5 11. a3 axb4 12. axb4 Rxa1 13. Qxa1 Nc6 14. Qa4 Nxd4 15.
Nxd4 Bf6 16. Nce2 Qe7 17. h3 Ne5 18. Bxe5 Qxe5 19. c6 Re8 20. Kd2 Qe4 21. Qa1
Bf5 22. Qc3 Bg5+ 23. f4 Bxf4+ 24. Nxf4 Qe1# 0-1

[Event "TCh-CHN"]
[Site "Beijing CHN"]
[Date "2010.11.04"]
[Round "18"]
[White "Zhou, Weiqi"]
[Black "Lou, Yiping"]
[Result "1/2-1/2"]
[WhiteTitle "GM"]
[WhiteElo "2584"]
[BlackElo "2429"]
[WhiteTeam "Lanpo JIANGSU"]
[BlackTeam "SHANGHAI Jianqiao"]
[WhiteFideId "8601674"]
[BlackFideId "8603928"]
[EventDate "2010.04.16"]

1. d4 Nf6 2. c4 g6 3. Nc3 d5 4. Bg5 Ne4 5. Bh4 Nxc3 6. bxc3 dxc4 7. e3 Qd5 8.
Nf3 Nd7 9. Be2 Nb6 10. O-O Qa5 11. Qc2 Bf5 12. e4 Bg4 13. a4 Bg7 14. h3 Bxf3 15.
Bxf3 c6 16. Rfb1 e5 17. d5 O-O 18. Be7 Rfe8 19. Bb4 Qa6 20. dxc6 bxc6 21. Be2 c5
22. Bxc5 Rac8 23. Be3 Rc7 24. Qb2 Nd7 25. Qb5 Qxb5 26. axb5 Nb6 27. Ra6 Rb8 28.
Rba1 Rbb7 29. Rd1 Rc8 30. Bxb6 axb6 31. Rd6 Rcb8 32. Bxc4 Bf8 33. Rc6 Bc5 34.
Bd5 Rd7 35. g4 Kg7 36. g5 h6 37. h4 hxg5 38. hxg5 Kf8 39. Kf1 Ke7 40. Ke2 Kf8
41. Ra2 Be7 42. Ra6 Rdb7 43. Rc4 Rd7 44. Rca4 Bxg5 45. Ra7 Rxa7 46. Rxa7 Be7 47.
f3 f5 48. Kd3 Rd8 49. c4 Ke8 50. Kc3 Bc5 51. Rg7 Rd6 52. f4 Bd4+ 53. Kd3 Bb2 54.
fxe5 Bxe5 55. Rg8+ Ke7 56. exf5 1/2-1/2

[Event "TCh-CHN"]
[Site "Beijing CHN"]
[Date "2010.11.04"]
[Round "18"]
[White "Yu, Shaoteng"]
[Black "Ma, Qun"]
[Result "1/2-1/2"]
[WhiteTitle "GM"]
[WhiteElo "2529"]
[BlackElo "2369"]
[WhiteTeam "GUANGDONG Huateng"]
[BlackTeam "TIANJIN Nan Kai"]
[WhiteFideId "8600660"]
[BlackFideId "8603154"]
[EventDate "2010.04.16"]

1. e4 c5 2. Nf3 e6 3. d4 cxd4 4. Nxd4 Nf6 5. Nc3 d6 6. Be3 a6 7. Be2 Qc7 8. Qd2
b5 9. a3 Bb7 10. f3 Nbd7 11. g4 Nb6 12. O-O-O Be7 13. Ndxb5 axb5 14. Nxb5 Qc6
15. Nxd6+ Bxd6 16. Qxd6 Qxd6 17. Rxd6 Nbd7 18. g5 Nh5 19. Rhd1 O-O-O 20. R1d3 g6
21. Rc3+ Kb8 22. Bb5 Ne5 23. Bb6 Rxd6 24. Bc7+ Ka7 25. Bxd6 f6 26. gxf6 Nf7 27.
Bc5+ Kb8 28. Be7 Nf4 29. Kd2 g5 30. Ke3 Ng6 31. Bd7 Bc8 32. Rxc8+ Rxc8 33. Bxe6
Nge5 34. Bxc8 Kxc8 35. b3 h5 36. a4 h4 37. Bc5 g4 38. fxg4 Nxg4+ 39. Kf4 Nxh2
40. Bg1 Nf1 41. Kg4 Nd2 42. Kxh4 Nf3+ 43. Kh5 Nxg1 44. Kg6 Ne5+ 45. Kg7 Ngf3 46.
f7 Nxf7 47. Kxf7 Ng5+ 48. Kf6 Nxe4+ 49. Ke5 Nc5 50. Kd5 Nd7 51. c4 Kc7 52. c5
Nf6+ 53. Kd4 Nh5 54. b4 Nf4 55. b5 Ne6+ 56. Kc4 Nf4 57. a5 Kb7 58. Kd4 Ne6+ 59.
Kd5 Nc7+ 60. Kc4 Ne6 61. a6+ Ka7 62. Kd5 Nc7+ 63. Kc6 Ne6 64. Kd5 Nc7+ 65. Kc4
Ne6 66. Kb4 Nd4 67. Ka4 Ne6 68. Kb4 Nd4 69. Kc4 Ne6 70. Kd5 Nc7+ 71. Kc6 Ne6 72.
Kd5 Nc7+ 73. Kc4 Ne6 74. Kb4 1/2-1/2

[Event "TCh-CHN"]
[Site "Beijing CHN"]
[Date "2010.11.04"]
[Round "18"]
[White "Li, Haoyu"]
[Black "Liang, Chong"]
[Result "1-0"]
[BlackTitle "GM"]
[WhiteElo "2369"]
[BlackElo "2502"]
[WhiteTeam "TIANJIN Nan Kai"]
[BlackTeam "GUANGDONG Huateng"]
[WhiteFideId "8601488"]
[BlackFideId "8600899"]
[EventDate "2010.04.16"]

1. e4 c6 2. d4 d5 3. exd5 cxd5 4. Bd3 Nc6 5. c3 Nf6 6. h3 e5 7. dxe5 Nxe5 8. Qe2
Qe7 9. Bb5+ Bd7 10. Be3 Bxb5 11. Qxb5+ Qd7 12. Qe2 Bd6 13. Nf3 O-O 14. Nbd2 Rfe8
15. O-O Ng6 16. Qd3 Bf4 17. Bd4 Bxd2 18. Qxd2 Ne4 19. Qc1 Qf5 20. Be3 h6 21. Re1
a6 22. Qd1 Rad8 23. Nd4 Qf6 24. Qf3 Ne5 25. Qxf6 Nxf6 26. Rad1 Nc4 27. Bc1 Nb6
28. f3 Na4 29. Kf2 Nc5 30. Rxe8+ Rxe8 31. b3 h5 32. g4 hxg4 33. fxg4 g6 34. Bf4
Rc8 35. Ne2 Rd8 36. Be5 Ncd7 37. Bd4 Ne8 38. Nf4 Nc7 39. c4 g5 40. Nxd5 Nxd5 41.
cxd5 Rc8 42. Ke3 f6 43. Ke4 Kf7 44. Kf5 Rh8 45. Re1 Rd8 46. d6 1-0

[Event "TCh-CHN"]
[Site "Beijing CHN"]
[Date "2010.11.04"]
[Round "18"]
[White "Kuang, Yinghui"]
[Black "Ning, Chunhong"]
[Result "1/2-1/2"]
[WhiteTitle "WIM"]
[BlackTitle "WGM"]
[WhiteElo "2202"]
[BlackElo "2347"]
[WhiteTeam "GUANGDONG Huateng"]
[BlackTeam "TIANJIN Nan Kai"]
[WhiteFideId "8600988"]
[BlackFideId "8600376"]
[EventDate "2010.04.16"]

1. e4 e6 2. d3 d5 3. Nd2 Nf6 4. g3 dxe4 5. dxe4 e5 6. Bg2 Nc6 7. Ngf3 Bc5 8. O-O
O-O 9. Qe2 Qe7 10. c3 a5 11. Nh4 Bg4 12. Qb5 Bb6 13. h3 Be6 14. Nf5 Qd7 15. g4
Rad8 16. Nb3 Qd3 17. Qxd3 Rxd3 18. Bg5 Rfd8 19. Rae1 Bc4 20. Ne3 Bxe3 21. fxe3
Bxb3 22. axb3 R8d6 23. Bxf6 gxf6 24. Rf2 Kg7 25. Bf1 Rd1 26. Rxd1 Rxd1 27. Rc2
Nd8 28. Kf2 Ne6 29. b4 a4 30. Be2 Rh1 31. Kg2 Ra1 32. Rd2 Rc1 33. h4 Nf8 34. Bb5
Ra1 35. Kf3 Ng6 36. Rd7 Rg1 37. Bxa4 Nxh4+ 38. Kf2 Rxg4 39. Rxc7 Rg2+ 40. Kf1
Rxb2 41. Be8 Ng2 42. Rxf7+ Kg6 43. Rxb7+ Kh6 44. b5 Nxe3+ 45. Kg1 f5 46. exf5
Nxf5 47. Bc6 Kg5 48. Rxh7 Nd6 49. Rd7 Nxb5 1/2-1/2